Nonlinear dynamics and chaos : geometrical methods for engineers and scientists /

Guardado en:
Autor Principal: Thompson, J. M. T.
Otros Autores: Stewart, H. B.
Formato: Libro
Idioma:English
Publicado: Chichester [West Sussex] ; New York : Wiley, c1986.
Materias:
Acceso en línea:Table of Contents only
Publisher description
Etiquetas: Agregar Etiqueta
Sin Etiquetas, Sea el primero en etiquetar este registro!
LEADER 01219pam a2200301 a 4500
001 MAT.inmabb006062
008 851125s1986####enka#####b####001#0#eng##
005 20130404103524.0
245 1 0 |a Nonlinear dynamics and chaos :  |b geometrical methods for engineers and scientists /  |c J.M.T. Thompson and H.B. Stewart, with the assistance of R. Ghaffari and C. Franciosi and a contribution by H.L. Swinney. 
260 |a Chichester [West Sussex] ;  |a New York :  |b Wiley,  |c c1986. 
300 |a xvi, 376 p. :  |b il. ;  |c 24 cm. 
504 |a Bibliografía: p. 350-369. 
500 |a Incluye índice. 
510 4 |a MR,  |c 87m:58098 
020 |a 0471909602 
020 |z 0471911658 
020 |z 0471998656 (pbk.) 
100 1 |a Thompson, J. M. T. 
700 1 |a Stewart, H. B.  |q (H. Bruce) 
650 0 |a Dynamics. 
650 0 |a Nonlinear theories. 
650 0 |a Chaotic behavior in systems. 
084 |a 37Cxx (34C23 34C28 37D45 70K50 70K55)  |2 msc2000 
010 |a  85029482  
040 |a DLC  |c DLC  |d DLC 
856 4 |3 Table of Contents only  |u http://www.loc.gov/catdir/toc/onix04/85029482.html 
856 4 2 |3 Publisher description  |u http://www.loc.gov/catdir/enhancements/fy0607/85029482-d.html 
859 |h 37  |i T468  |p A-6619  |b BIB. MATEMATICA